Drug delivery : (Record no. 59187)

MARC details
000 -LEADER
fixed length control field 02861nam a2200265 a 4500
001 - CONTROL NUMBER
control field vtls003042825
003 - CONTROL NUMBER IDENTIFIER
control field MY-SjTCS
005 - DATE AND TIME OF LATEST TRANSACTION
control field 20200306165940.0
008 - FIXED-LENGTH DATA ELEMENTS--GENERAL INFORMATION
fixed length control field 110218s2005 njuda b 001 0 eng
010 ## - LIBRARY OF CONGRESS CONTROL NUMBER
LC control number 2004-020585
020 ## - INTERNATIONAL STANDARD BOOK NUMBER
International Standard Book Number 0471474894 (hbk.)
039 #9 - LEVEL OF BIBLIOGRAPHIC CONTROL AND CODING DETAIL [OBSOLETE]
Level of rules in bibliographic description 201102181358
Level of effort used to assign nonsubject heading access points VLOAD
Level of effort used to assign subject headings 200704181540
Level of effort used to assign classification Irma
Level of effort used to assign subject headings 200704061617
Level of effort used to assign classification meena
-- 200703270846
-- jamalia
082 00 - DEWEY DECIMAL CLASSIFICATION NUMBER
Classification number 615.6
Item number DRU
100 1# - MAIN ENTRY--PERSONAL NAME
Personal name Wang, Binghe.
9 (RLIN) 24064
245 10 - TITLE STATEMENT
Title Drug delivery :
Remainder of title principles and applications /
Statement of responsibility, etc. Binghe Wang, Teruna Siahaan, Richard Soltero.
260 ## - PUBLICATION, DISTRIBUTION, ETC.
Place of publication, distribution, etc. Hoboken, N.J. :
Name of publisher, distributor, etc. Wiley-Interscience,
Date of publication, distribution, etc. c2005.
300 ## - PHYSICAL DESCRIPTION
Extent xi, 448 p. :
Other physical details ill. ;
Dimensions 23 cm.
504 ## - BIBLIOGRAPHY, ETC. NOTE
Bibliography, etc. note Includes bibliographical references and index.
505 0# - FORMATTED CONTENTS NOTE
Formatted contents note Preface. - Ch. 1. Factors that Impact the Developability of Drug Candidates-An Overview, Chao Han and Binghe Wang. - Ch. - 2. Chemical, Biochemical, and Physiological Barriers to Oral Drug Delivery, Teruna Siahaan. - Ch. 3. Pathways for Drug Delivery to the Central Nervous System, Yan Zhang and Donald W. Miller. - Ch. 4. Physicochemical Properties, Formulation and Drug Delivery, E. Munson. - Ch. 5. Targeted Bioavailability: A Fresh Look at Pharmacokinetic and Pharmacodynamic Issues In Drug Delivery, William F. Elmquist. - Ch. 6. Pre-Systemic and First-pass Metabolism, W. Griffith Humphreys. - Ch. 7. Cell Culture Models for Drug Transport Studies, D. Nedra Karunaratne, Peter S. Silverstein, Veena Vasandani, Amber M. Young, Erik Rytting, Bradley Yops, and Kenneth L. Audus. - Ch. 8. Prodrug Approaches to Drug Delivery, Longqin Hu. - Ch. 9. Receptor-mediated Drug Delivery, Christopher P. Leamon and Philip S. Low. - Ch. 10. Oral Protein and Peptide Drug Delivery, Rick Soltero. - Ch. 11. Metabolic Activation and Drug Targeting, Xiangming Guan. - Ch. 12. Ultrasound Mediated Drug Delivery, Ka-yun Ng, and Terry O. Matsunag. - Ch. 13. Polycationic Peptides and Proteins in Drug Delivery: Focus on Non-Classical Transport, Lisa A. Kueltzo and C. Russell Middaugh. - Ch. 14. Gene Therapy and Gene Delivery, Naoki Kobayashi, Makiya Nishikawa and Yoshinobu Takakura. - Ch. 15. Parenteral Formulations for Peptide and Protein Delivery, and Monoclone Antibody Drugs, John Bontempo. - Ch. 16. Pulmonary Drug Delivery - Pharmaceutical Chemistry and Aerosol Technology, Anthony J. Hickey. - Ch. 17. Antibody-Directed Drug Delivery, Hervé Le Calvez, John Mountzouris, Kosi Gramatikoff and Fang Fang. - Ch. 18. Efflux Transporters in Drug Excretion, Shuzhong Zhang and Marilyn E. Morris. - Ch. 19. Liposome as Drug Delivery Vehicles, Guijun Wang. - Ch. 20. Intellectual Property Issues in Drug Delivery, Shihong Nicolaou. - Index.
650 #0 - SUBJECT ADDED ENTRY--TOPICAL TERM
Topical term or geographic name entry element Drug delivery systems.
9 (RLIN) 22317
650 #0 - SUBJECT ADDED ENTRY--TOPICAL TERM
Topical term or geographic name entry element Pharmaceutical chemistry.
9 (RLIN) 21185
700 1# - ADDED ENTRY--PERSONAL NAME
Personal name Siahaan, Teruna.
Relator term (j.a.)
9 (RLIN) 275819
700 1# - ADDED ENTRY--PERSONAL NAME
Personal name Soltero, Richard.
Relator term (j.a.)
9 (RLIN) 275820
920 ## - Programme
Programme BMS : 261022
Holdings
Withdrawn status Lost status Source of classification or shelving scheme Damaged status Not for loan Collection code Home library Current library Date acquired Cost, normal purchase price Total Checkouts Barcode Date last seen Date last checked out Copy number Cost, replacement price Koha item type Public note
Withdrawn   Dewey Decimal Classification     Please fill up online form at https://taylorslibrary.taylors.edu.my/services/external_storage1 Taylor's Library-TU TU External Storage-LCS 17/02/2009 308.95 5 5000066911 05/12/2019 17/04/2014 1 308.95 Main Collection SBSxx,36200,03,GR